|
|
|
|
| LEADER |
00852nam a22002291a 4500 |
| 020 |
|
|
|a 9788177050547
|c 0.00
|
| 040 |
|
|
|a SSUS - Library - Kalady
|
| 082 |
|
|
|a M3
|b GNP/O
|
| 100 |
|
|
|a G N Panikkar
|
| 245 |
|
|
|a Oral thikachum viseshamaayi
|h [Text]
|
| 260 |
|
|
|a Thiruvananthapuram
|b Prabhath
|c 2000
|
| 300 |
|
|
|a 176p.
|
| 600 |
|
|
|a Literature
|
| 600 |
|
|
|a Literature Malayalam
|
| 600 |
|
|
|a Novel Malayalam
|
| 852 |
|
|
|h M3
|i GNP/O
|p 027281
|9 75.00
|t 0
|
| 852 |
|
|
|h M3
|i GNP/O
|p 027282
|9 75.00
|t 0
|
| 942 |
|
|
|c BK
|
| 942 |
|
|
|c BK
|
| 999 |
|
|
|c 32334
|d 32334
|
| 952 |
|
|
|0 0
|1 0
|4 0
|6 M_3_000000000000000_GNP_O
|7 0
|9 46828
|a SSUS
|b SSUS
|d 2015-01-08
|g 75.00
|l 2
|o M3 GNP/O
|p 027281
|r 2016-06-10
|s 2016-06-09
|v 0.00
|w 2015-01-08
|y BK
|
| 952 |
|
|
|0 0
|1 0
|4 0
|6 M_3_000000000000000_GNP_O
|7 0
|9 46829
|a SSUS
|b SSUS
|d 2015-01-08
|g 75.00
|l 1
|o M3 GNP/O
|p 027282
|r 2019-01-24
|s 2019-01-11
|v 0.00
|w 2015-01-08
|y BK
|